Najviac metrov pre logistiku priemyselný trh v strednej Európe naďalej silne rastie

Bibliographic Details
Main Author: Kvartková, Jitka (Author)
Format: Article
Language:Slovak
PhysicalDescription:Fotogr., grafy
ISSN:1337-0138
Subjects:

MARC

LEADER 00000nab a2200000 ar4500
001 vtls009283898
003 SK-MaSNL
005 20260305004556.0
008 080409c2008 xo mr|p|||||||000 b|slo
015 |a SNBRB2008/04  |2 snkbucl 
038 |a SNKBUCL 
040 |a SNKBUCL  |b slo  |c SNKBUCL  |e AACR2 
041 0 |a slo 
044 |a xo  |c SK 
080 |a 658.8.012.34:332.15  |x (4-191.2)  |2 2001 
080 |a 332.15  |x (4-191.2)  |2 2001 
100 1 |a Kvartková, Jitka  |4 aut  |9 1475353 
245 1 0 |a Najviac metrov pre logistiku  |b priemyselný trh v strednej Európe naďalej silne rastie  |c Jitka Kvartková 
300 |b Fotogr., grafy 
650 0 7 |a logistika (manažment)  |2 snkbucl  |9 3620 
650 0 7 |a logistické centrá  |2 snkbucl  |9 78863 
650 0 7 |a priemyselné plochy  |2 snkbucl  |9 1582497 
651 7 |a Európa stredná  |2 snkbucl  |9 23970 
773 0 |t Doprava a logistika  |g Roč. 3., č. 3 (2008), s. 32  |x 1337-0138 
852 |a SNK  |b KIS3GCP 
999 |c 3236256  |d 3238186